=LDR 00000nam 2200000 4500 =001 NUTBA000000000004455 =005 20140915094122.0 =006 =007 =008 =020 ##$$a 979-24-4883-7 =035 ##$$a 0010-091400000000488 =040 ##$$a NBPDMAT =082 ##$$a 540.76 =084 ##$$a 540.76 Esu k =100 ##$$a Esuadiari =245 ##$$a Kumpulan KEngakp Rumus Kimia Lengkap Untuk SMA / $c Esuadiari =250 ##$$a Cet. 3 =260 ##$$a Jakarta : $b Puspa Swara, $c 2006 =300 ##$$a vi, 86 hlm. : $b ilus. ; $c 19 cm. =500 ##$$a Bibilografi : hlm. 85-86 =650 ##$$a KIMIA-RUMUS =990 ##$$a 21407937 =990 ##$$a 0001/BPAP-NTB/20142014 =990 ##$$a 0001/BPAP-NTB/20142014 =990 ##$$a 0001/BPAP-NTB/20142014 =990 ##$$a 0001/BPAP-NTB/20142014 =990 ##$$a 0001/BPAP-NTB/20142014 =990 ##$$a 0001/BPAP-NTB/20142014